Statistics for Animals Starting With F

Click here to take the quiz!

General Stats

  • This quiz has been taken 106 times
  • The average score is 7 of 15

Answer Stats

Answer% Correct
Frog
82%
Ferret
77%
Flamingo
77%
Falcon
69%
Finch
58%
Fox🦊
53%
French Bulldog
39%
Flying Fox
35%
Fennec Fox
31%
Firefly
31%
Fossa
31%
Fishing Cat
21%
Frilled Lizard
21%
Frigatebird
16%
Frilled Shark
16%

Score Distribution

Percentile by Number Answered

Percent of People with Each Score

Your Score History

You have not taken this quiz